| 000 | 00344nam a2200133 4500 | ||
|---|---|---|---|
| 005 | 20260530113843.0 | ||
| 100 | 1 |
_aPepin Von Roojen _930441 |
|
| 245 | 1 | 0 | _aJapanese Patterns |
| 264 | 1 |
_bPEPIN Agile Rabitt Editions _c2003 |
|
| 300 | _a168 páginas | ||
| 336 |
_atexto _2rdacontent |
||
| 337 |
_asin medio _2rdamedia |
||
| 338 |
_avolumen _2rdacarrier |
||
| 999 |
_c11192 _d11192 |
||